000 01001 a2200253 4500
003 Nust
005 20230301181350.0
010 _a 97901439
020 _a8170207541
040 _cNust
082 0 0 _a327.17,PAN
100 1 _aPande, Savita.
_9109703
245 1 0 _aCTBT :
_bIndia and the nuclear test ban treaty /
_cby Savita Pande ; foreword by Jasjit Singh.
246 3 _aComprehensive Test Ban Treaty
250 _a1st Cosmo ed.
260 _aNew Delhi :
_bSiddhi Books,
_c1996.
300 _axxxi, 224 p. ;
_c22 cm.
505 _aHistorical Background (Page-1), Test Ban Negotiations Till 1980 (Page-21), The Second Cold War (Page-43), Prelude To Current Phase Of Negotiations (Page-75), Crafting A CTBT (Page-101, India’s Response (Page-167).
650 0 _aNuclear nonproliferation
_zIndia.
_98593
650 0 _aNuclear weapons
_xTesting
_xLaw and legislation
_zIndia.
_9109704
650 0 _aNuclear weapons
_zIndia.
_937422
651 0 _aIndia
_xMilitary policy.
_93885
942 _2ddc
_cBK
999 _c185846
_d185846